[Event "Regionalliga NW 1415"]
[Site "Bayern"]
[Date "2015.04.12"]
[Round "9.1"]
[White "Arens, Johannes"]
[Black "Schulz, Lukas"]
[Result "0-1"]
[WhiteElo "2130"]
[BlackElo "2158"]
[PlyCount "136"]
[EventDate "2014.10.19"]
[EventType "team-tourn"]
[EventRounds "9"]
[EventCountry "GER"]
[SourceTitle "EXT 2018"]
[Source "ChessBase"]
[SourceDate "2017.10.13"]
[SourceVersion "1"]
[SourceVersionDate "2017.10.13"]
[SourceQuality "1"]
[WhiteTeam "Prichsenstadt"]
[BlackTeam "Hoechstadt/Aisch"]
[WhiteTeamCountry "GER"]
[BlackTeamCountry "GER"]

1. d4 Nf6 2. c4 e5 3. dxe5 Ng4 4. Bf4 Nc6 5. Nf3 Bb4+ 6. Nbd2 Qe7 7. e3 Ngxe5 8. Nxe5 Nxe5 9. Be2 b6 10. 0-0 Bxd2 11. Qxd2 Bb7 12. c5 0-0 13. Qc3 Ng6 14. Bxc7 bxc5 15. Bg3 d5 16. Rac1 Rac8 17. Bd3 Rfd8 18. Rfe1 Nf8 19. Rcd1 Ba8 20. Bf5 Ne6 21. Qe5 Re8 22. Bg4 Qb7 23. b3 Qb4 24. Qh5 g6 25. Qh4 f5 26. Bf3 Qxh4 27. Bxh4 d4 28. Bxa8 Rxa8 29. Bf6 Kf7 30. Be5 Rad8 31. exd4 cxd4 32. Kf1 Rd5 33. f3 Rc8 34. Rd2 Rcc5 35. Bb8 a6 36. Red1 Rc8 37. Bg3 Kf6 38. Bh4+ g5 39. Bf2 Rcd8 40. Rc1 R5d6 41. Rc4 h5 42. Bg3 f4 43. Bf2 Kf5 44. Ke2 Rd5 45. b4 a5 46. a3 axb4 47. axb4 d3+ 48. Kd1 g4 49. Ra2 Rg8 50. fxg4+ hxg4 51. Rb2 Rb8 52. Rb3 Ng5 53. Rc5 Rxc5 54. Bxc5 Ke4 55. Kd2 Ra8 56. Kc3 f3 57. gxf3+ Nxf3 58. b5 Rc8 59. Kb4 d2 60. Re3+ Kf4 61. Rd3 Ke4 62. Re3+ Kf4 63. Rd3 Ke4 64. Rd7 Ne5 65. Rd4+ Ke3 66. Rd5+ Rxc5 67. Kxc5 Nd3+ 68. Kc6 Nb4+ 0-1

[Event "Regionalliga NW 1314"]
[Site "Bayern"]
[Date "2014.04.06"]
[Round "9.1"]
[White "Arens, Johannes"]
[Black "Oehrlein, Thomas"]
[Result "1-0"]
[WhiteElo "2145"]
[BlackElo "2124"]
[PlyCount "47"]
[EventDate "2013.10.13"]
[EventType "team-tourn"]
[EventRounds "9"]
[EventCountry "GER"]
[SourceTitle "EXT 2015"]
[Source "ChessBase"]
[SourceDate "2014.11.20"]
[SourceVersion "1"]
[SourceVersionDate "2014.11.20"]
[SourceQuality "1"]
[WhiteTeam "Prichsenstadt"]
[BlackTeam "Bamberg"]
[WhiteTeamCountry "GER"]
[BlackTeamCountry "GER"]

1. d4 d5 2. c4 e5 3. dxe5 d4 4. Nf3 Nc6 5. a3 Bg4 6. Nbd2 Qd7 7. b4 f6 8. exf6 gxf6 9. Bb2 0-0-0 10. b5 Ne5 11. Qb3 Bc5 12. Ne4 Bb6 13. 0-0-0 Qf5 14. Nfd2 Bh5 15. c5 Ba5 16. Ng3 Qg6 17. Nxh5 Qxh5 18. Qe6+ Kb8 19. Nb3 Re8 20. Rxd4 Nh6 21. Qd5 Nf5 22. Nxa5 c6 23. bxc6 bxc6 24. Qb3+ 1-0

[Event "Unterfranken-ch M2 58th"]
[Site "Wuerzburg"]
[Date "2007.??.??"]
[Round "2"]
[White "Amtmann, Florian"]
[Black "Arens, Johannes"]
[Result "1/2-1/2"]
[WhiteElo "1957"]
[BlackElo "1889"]
[PlyCount "83"]
[EventDate "2007.04.09"]
[EventType "swiss"]
[EventRounds "9"]
[EventCountry "GER"]
[SourceTitle "EXT 2015"]
[Source "ChessBase"]
[SourceDate "2014.11.20"]
[SourceVersion "1"]
[SourceVersionDate "2014.11.20"]
[SourceQuality "1"]

1. d4 Nf6 2. Nf3 e6 3. c4 Bb4+ 4. Bd2 Qe7 5. a3 Bxd2+ 6. Qxd2 d5 7. Qc2 0-0 8. e3 b6 9. cxd5 exd5 10. Bd3 Ba6 11. Bxa6 Nxa6 12. Qa4 Nb8 13. 0-0 Nbd7 14. Nc3 c5 15. dxc5 Nxc5 16. Qh4 Qe6 17. Rfd1 Rfd8 18. Nd4 Qd7 19. Rac1 Rac8 20. Nde2 Qf5 21. Nb5 g5 22. Nbd4 Qg6 23. Qh3 g4 24. Qh4 Ne6 25. Qg3 Rxc1 26. Rxc1 Ne4 27. Qe5 N4g5 28. Nf5 f6 29. Ne7+ Kg7 30. Nxg6 fxe5 31. Nxe5 h5 32. Kf1 Kf6 33. Nd3 d4 34. exd4 Nxd4 35. Nxd4 Rxd4 36. Ke2 Ne6 37. b3 Re4+ 38. Kf1 Nd4 39. Rc3 Re2 40. Rc4 Re4 41. Rc3 Re2 42. Rc4 1/2-1/2

[Event "Unterfranken-ch M2 58th"]
[Site "Wuerzburg"]
[Date "2007.??.??"]
[Round "7"]
[White "Arens, Johannes"]
[Black "Susallek, Markus"]
[Result "1/2-1/2"]
[WhiteElo "1889"]
[BlackElo "1905"]
[PlyCount "96"]
[EventDate "2007.04.09"]
[EventType "swiss"]
[EventRounds "9"]
[EventCountry "GER"]
[SourceTitle "EXT 2015"]
[Source "ChessBase"]
[SourceDate "2014.11.20"]
[SourceVersion "1"]
[SourceVersionDate "2014.11.20"]
[SourceQuality "1"]

1. e4 c5 2. d4 cxd4 3. c3 dxc3 4. Nxc3 Nc6 5. Bc4 e6 6. Nf3 d6 7. 0-0 Be7 8. Qe2 a6 9. Rd1 Qc7 10. a3 Nf6 11. Bf4 0-0 12. Rac1 Bd7 13. Ba2 Rad8 14. Nd5 exd5 15. exd5 Bc8 16. Bg5 Rfe8 17. Qd3 Ne4 18. Bxe7 Rxe7 19. dxc6 bxc6 20. Nd4 c5 21. Bd5 Bb7 22. Nf5 Re5 23. Bxb7 Qxb7 24. f3 Rxf5 25. Qxe4 Qxe4 26. fxe4 Re5 27. Rc4 Kf8 28. Kf2 Ke7 29. Kf3 Rb8 30. Rd2 Rb3+ 31. Kf2 f5 32. exf5 Rxf5+ 33. Ke2 Kd7 34. Ra4 Rb6 35. Rg4 g5 36. h4 h6 37. hxg5 hxg5 38. Rg3 d5 39. Rf3 Re6+ 40. Kf2 Rfe5 41. Rf7+ Kc6 42. Ra7 Kb6 43. Rg7 a5 44. Rd7 Rf6+ 45. Kg3 Rff5 46. Rd8 a4 47. Rb8+ Kc6 48. Rc2 d4 1/2-1/2

[Event "Unterfranken-ch M2 58th"]
[Site "Wuerzburg"]
[Date "2007.??.??"]
[Round "9"]
[White "Hassler, Guenther"]
[Black "Arens, Johannes"]
[Result "0-1"]
[WhiteElo "1793"]
[BlackElo "1889"]
[PlyCount "58"]
[EventDate "2007.04.09"]
[EventType "swiss"]
[EventRounds "9"]
[EventCountry "GER"]
[SourceTitle "EXT 2015"]
[Source "ChessBase"]
[SourceDate "2014.11.20"]
[SourceVersion "1"]
[SourceVersionDate "2014.11.20"]
[SourceQuality "1"]

1. e4 e6 2. d4 d5 3. Nc3 Bb4 4. e5 c5 5. a3 cxd4 6. axb4 dxc3 7. bxc3 Qc7 8. Qd4 Nc6 9. Bb5 Nge7 10. Nf3 0-0 11. Bxc6 Nxc6 12. Qe3 Bd7 13. 0-0 a6 14. Re1 Ne7 15. Nd4 Bb5 16. Qg3 Rfc8 17. Bg5 Kf8 18. Re3 Nf5 19. Nxf5 exf5 20. Bf4 Qd7 21. e6 fxe6 22. Bd6+ Kg8 23. Rae1 Re8 24. Qe5 a5 25. bxa5 Rxa5 26. h4 Ra4 27. Qxd5 exd5 28. Rxe8+ Qxe8 29. Rxe8+ Bxe8 0-1

[Event "Unterfranken-ch M2 58th"]
[Site "Wuerzburg"]
[Date "2007.??.??"]
[Round "5"]
[White "Mueller, Lutz"]
[Black "Arens, Johannes"]
[Result "0-1"]
[WhiteElo "1944"]
[BlackElo "1889"]
[PlyCount "56"]
[EventDate "2007.04.09"]
[EventType "swiss"]
[EventRounds "9"]
[EventCountry "GER"]
[SourceTitle "EXT 2015"]
[Source "ChessBase"]
[SourceDate "2014.11.20"]
[SourceVersion "1"]
[SourceVersionDate "2014.11.20"]
[SourceQuality "1"]

1. d4 Nf6 2. Nf3 g6 3. g3 Bg7 4. Bg2 0-0 5. 0-0 d6 6. c4 Nbd7 7. Nc3 c6 8. e4 e5 9. h3 Qe7 10. Re1 h6 11. Be3 Re8 12. Qd2 Kh7 13. Rad1 b6 14. Qc2 Bb7 15. b4 a5 16. c5 dxc5 17. dxe5 Ng8 18. Na4 cxb4 19. Rxd7 Qxd7 20. Nxb6 Qc7 21. Nxa8 Bxa8 22. Bf4 g5 23. e6 gxf4 24. e5+ Kh8 25. Nh4 Rxe6 26. Bd5 Rxe5 27. Rxe5 Qxe5 28. Ng6+ fxg6 0-1

[Event "Unterfranken-ch M2 58th"]
[Site "Wuerzburg"]
[Date "2007.??.??"]
[Round "1"]
[White "Nahler, Michael"]
[Black "Arens, Johannes"]
[Result "0-1"]
[WhiteElo "1717"]
[BlackElo "1889"]
[PlyCount "82"]
[EventDate "2007.04.09"]
[EventType "swiss"]
[EventRounds "9"]
[EventCountry "GER"]
[SourceTitle "EXT 2015"]
[Source "ChessBase"]
[SourceDate "2014.11.20"]
[SourceVersion "1"]
[SourceVersionDate "2014.11.20"]
[SourceQuality "1"]

1. e4 e6 2. d4 d5 3. Nd2 dxe4 4. Nxe4 Nd7 5. Nf3 Ngf6 6. Bg5 Be7 7. Nxf6+ Nxf6 8. Bd3 c5 9. 0-0 cxd4 10. Nxd4 0-0 11. Nf3 b6 12. Qe2 Bb7 13. Rad1 Qc7 14. Rd2 Rfd8 15. Rfd1 h6 16. Bh4 Qf4 17. Bg3 Qg4 18. Ne5 Qxe2 19. Bxe2 Ne4 20. Rd7 Nxg3 21. hxg3 Bf6 22. Nxf7 Rxd7 23. Rxd7 Bd5 24. b3 Rf8 25. Bh5 Bc6 26. Rxa7 Be8 27. Nxh6+ gxh6 28. Bg4 Bf7 29. Rb7 Bd4 30. c3 Bxc3 31. Rxb6 Bd4 32. Rd6 Bc5 33. Rc6 Bxf2+ 34. Kh2 Re8 35. a4 h5 36. Bf3 e5 37. Be4 Rb8 38. a5 Rxb3 39. Rc8+ Kg7 40. a6 Bxg3+ 41. Kh3 Be6+ 0-1

[Event "Unterfranken-ch HA 57th"]
[Site "Prichsenstadt"]
[Date "2006.04.21"]
[Round "8"]
[White "Dressler, Matthias"]
[Black "Arens, Johannes"]
[Result "1/2-1/2"]
[WhiteElo "1610"]
[BlackElo "1686"]
[PlyCount "105"]
[EventDate "2006.04.17"]
[EventType "swiss"]
[EventRounds "9"]
[EventCountry "GER"]
[SourceTitle "EXT 2015"]
[Source "ChessBase"]
[SourceDate "2014.11.20"]
[SourceVersion "1"]
[SourceVersionDate "2014.11.20"]
[SourceQuality "1"]

1. f4 e6 2. Nf3 Nf6 3. b3 b6 4. Bb2 Bb7 5. e3 Be7 6. Be2 d6 7. 0-0 Nbd7 8. c4 0-0 9. Nc3 c5 10. Qc2 a6 11. Ng5 h6 12. Nge4 Nxe4 13. Nxe4 f5 14. Ng3 Bf6 15. Bf3 Bxf3 16. Rxf3 Bxb2 17. Qxb2 Qf6 18. Qxf6 Nxf6 19. Ne2 g5 20. Nc3 g4 21. Rff1 Kf7 22. d3 Rfb8 23. a4 Ra7 24. Ra2 h5 25. g3 Rd7 26. Rd1 d5 27. Rad2 d4 28. exd4 Rxd4 29. Ne2 Rd7 30. Nc3 Rbd8 31. Kf2 Kg6 32. Ke2 h4 33. Ke3 hxg3 34. hxg3 Rh8 35. Rg2 Rh3 36. Rdg1 Ng8 37. Re1 Ne7 38. Kd2 Kf6 39. Ree2 Nc6 40. Ke3 Nd4 41. Rb2 a5 42. Ne2 e5 43. fxe5+ Kxe5 44. Nf4 Rh1 45. Nd5 Rd6 46. Nf4 Re1+ 47. Kf2 Nf3 48. Re2+ Rxe2+ 49. Kxe2 Nd4+ 50. Ke3 Nxb3 51. Rb2 Nd4 52. Nd5 Ne6 53. Rxb6 1/2-1/2

[Event "Unterfranken-ch HA 57th"]
[Site "Prichsenstadt"]
[Date "2006.04.18"]
[Round "3"]
[White "Arens, Johannes"]
[Black "Ziegler, Georg"]
[Result "1-0"]
[WhiteElo "1686"]
[BlackElo "800"]
[PlyCount "39"]
[EventDate "2006.04.17"]
[EventType "swiss"]
[EventRounds "9"]
[EventCountry "GER"]
[SourceTitle "EXT 2015"]
[Source "ChessBase"]
[SourceDate "2014.11.20"]
[SourceVersion "1"]
[SourceVersionDate "2014.11.20"]
[SourceQuality "1"]

1. d4 d5 2. Nf3 Nc6 3. Bg5 h6 4. Bh4 f6 5. e3 g5 6. Bg3 g4 7. Nh4 Bg7 8. Qd3 Be6 9. Qg6+ Kf8 10. Nf5 Bxf5 11. Qxf5 h5 12. c3 Qe8 13. Qxd5 Rc8 14. h3 e6 15. Qe4 Qf7 16. hxg4 e5 17. d5 Nce7 18. Bc4 Rd8 19. d6 Qg6 20. dxe7+ 1-0